MARC

LEADER 00000nam0a2200000 4500
001 203976
005 20231031185954.0
020 |a RU  |b 91-4206 
035 |a (RuTPU)RU\TPU\book\222301 
090 |a 203976 
100 |a 20111117d1990 km y0rusy5003 ca 
101 0 |a rus 
102 |a RU 
105 |a a z 001zy 
200 1 |a Геоматематические модели поисковой геохимии  |e сборник научных трудов  |f Академия наук СССР (АН СССР), Институт минералогии, геохимии и кристаллохимии редких элементов (ИМГРЭ) ; под ред. Э. К. Буренков ; под ред. Б. С. Когана 
210 |a Москва  |c ИМГРЭ  |d 1990 
215 |a 120 с.  |c ил.  |d 20 см 
320 |a Библиогр. в конце ст. 
610 1 |a геохимия 
610 1 |a геохимическая разведка 
610 1 |a математические методы 
610 1 |a математические модели 
610 1 |a геохимические процессы 
610 1 |a физико-математическое моделирование 
610 1 |a автоматизированные рабочие места 
610 1 |a прикладная геохимия 
675 |a 550.84  |z rus 
686 |a 38.57  |2 rugasnti 
702 1 |a Буренков  |b Э. К.  |g Эдуард Константинович  |4 340 
702 1 |a Коган  |b Б. С.  |4 340 
712 0 2 |a Академия наук СССР (АН СССР)  |b Институт минералогии, геохимии и кристаллохимии редких элементов (ИМГРЭ)  |c (Москва)  |2 stltpush  |3 (RuTPU)RU\TPU\col\10887 
801 0 |a RU  |b RuMRKP  |c 19960705  |g psbo 
801 1 |a RU  |b 63413507  |c 20111117 
801 2 |a RU  |b 63413507  |c 20111122  |g RCR 
942 |c BK